000 00907nam a2200265 a 4500
001 BRL_1497
005 20190320211233.0
008 300114s1982----u--ao#####---#000-0#eng-#
041 _aeng
044 _au
050 4 _aF1219.3.M4
_b.G75 1982
110 2 _aArizona State Museum
_bCordry Collection
_927102
245 1 0 _aMexican Masks from the Cordry Collection
_cJames S. Griffith ; fotografías por Helga Teiwes.
260 _aArizona
_bArizona State Museum, University of Arizona
_c1982
300 _a64 p.
_bil., fotografías (a color)
_c23 cm.
500 _aAu1740
500 _aIncluye dedicatoria a Ruth Lechuga
504 _aBibliografía: p. 63
610 2 4 _aArizona State Museum
_bCordry Collection
_vCatálogos
_927103
650 1 4 _aMáscaras
_vCatálogos
_zMéxico
_927104
700 1 _aGriffith, James S.
_927105
700 1 _aTeiwes, Helga
_eil.
_927106
902 _aGRL
942 _2lcc
_cB
999 _c10307
_d10307